000 00724nam a22001697a 4500
008 240719t20240716xxu||||| ||||o00| 0 eng d
041 _aeng
110 _aHM Land Registry
245 _aPractice guide 62A: rights to light or air
260 _bHM Land Registry,
_c15 July 2024
500 _aHM Land Registry’s practice guides are aimed primarily at solicitors and other conveyancers. They often deal with complex matters and use legal terms
651 _aUnited Kingdom
690 _aRights of light
_96267
710 _aHM Land Registry
856 _uhttps://www.gov.uk/government/publications/rights-to-light-or-air-pg62a/practice-guide-62a-rights-to-light-or-air
_zAvailable from gov.uk
942 _n0
999 _c121973
_d121973